LDR 00696naa#a2200181#i#450# 001 EN\\bibl\119862 005 20260701062743.3 011 ## _a2500-4026 100 ## _a20180630b2018####ek#y0engy0150####ca 101 0# _aRUS 102 ## _aRU 200 1# _aASPECTS OF FORMING THE CULTURE OF SAFE BEHAVIOR IN CHILDREN OF PRESCHOOL AND YOUNG SCHOOL AGE _eJournal article 210 1# _aZheleznogorsk _cFSBEE HE Siberian Fire and Rescue Academy EMERCOM of Russia _d2018 215 ## _a3 с. 608 ## _aJournal article _2local 675 ## _aВысшее образование. Высшая школа. Подготовка научных кадров. 378 _zRUS 700 #1 _aKalyuzhina _gZH S 856 4# _aapbt-sibpsa.editorum.ru _u